000 00588nam a2200181Ia 4500
003 OSt
005 20260331084156.0
008 211028s2010 xx 000 0 und d
040 _cAIMIT LIBRARY
041 _aeng
082 _a658.8 SIDS
100 _aSidi, Santosh;Girish M.
_g816043
_96499
245 _aTo design promotional strategies to reach and tap both current and potential customers in Mangalore for the reference to its food and beverages and banquet service /
260 _bGirish M
_c2010
600 _aMarketing
_96500
650 _aMarketing
_96501
942 _2ddc
_cPRO
999 _c218258
_d218258